Представление документа в формате MARC21

Поле Инд. ПП Название Значение
Тип записи a
Библиографический уровень b
001 Контрольный номер 8e7c3d3542b7435bb1468290ff13e142
005 Дата корректировки 20250109152857.3
080 a Индекс УДК 004.738.5:378-054.6
097 b Оператор *Плё*
100 1_ a Автор Жиронкина О.В.
245 10 a Заглавие Цифровая среда как средство формирования традиционных ценностей у иностранных студентов
p Название части/ раздела Текст : электронный
b Продолж. заглавия статья
260 a Место издания Тверь
b Издательство ТвГТУ
c Дата издания 2024
520 0_ a Аннотация Статья посвящена этнической диаспоре как механизму социальной коммуникации. Предпринята попытка предоставить теоретический материал для анализа понятия «диаспора». Определены основные функции этнонационального сообщества и специфика диаспоры как социокультурной общности. Сделан вывод, что поскольку диаспора – это образование, объединяющее внутри себя представителей этнокультурных 35 традиций и носителей одного языка, она может влиять на образовательный процесс.
653 0_ a Ключевые слова Цифровая среда
a Ключевые слова Традиционные ценности
a Ключевые слова Вузовская подготовка
a Ключевые слова Иностранные студенты
773 18 w Контрольный № источника c4e9939318e24bb2b11a4700379ef408
t Название источника Обучение иностранцев в вузе и на этапе довузовской подготовки: тенденции и инновации
d Место и дата издания Тверь : ТвГТУ, 2024
z ISBN 978-5-7995-1354-2
g Прочая информация С. 29-34
900 a Имя макрообъекта 001-000161748-000000000-0000-0000-01
901 t Тип документа a
950 a Редактор записи вш
951 i EL-ТГТУ? да